01147cam a2200289 a 45000010008000000030004000080050017000120080041000290100017000700200039000870400018001260500022001440820018001662450021001842460034002052460109002392500012003482600045003603000079004054400024004845000020005085380155005286300045006836500047007286500063007757100019008383963722OSt20170306122131.0941230s1994 inua p 001 0 eng  a 94076910  a1568301189 :c$45.00 ($59.00 Can.) aDLCcDLCdDLC00aT385b.A3584 199400a006.6/86922000aAdobe Photoshop.04aAdobe Photoshop for Macintosh0 aOfficial training workbook for Adobe Photoshop 3 as developed by the staff of Adobe Systems Incorporated a2nd ed. aIndianapolis, IN :bAdobe Press,cc1994. avi, 263 p. :bill. ;c28 cm. +e1 computer laser optical disc (4 3/4 in.). 0aClassroom in a book aIncludes index. aSystem requirements for accompanying computer disc: Apple Macintosh 68020 processor (68030 or 68040 recommended); Apple system software 7.0 or higher.00aAdobe PhotoshopxProgrammed instruction. 0aComputer graphicsxProgrammed instruction.00aMacintosh (Computer)xProgrammingxProgrammed instruction.2 aAdobe Systems.